ARRUPE JESUIT UNIVERSITY

CORONAVIRUS -STOP THE SPREAD - CLEAN,DISINFECT,COVER

The critical philosophy of Immanuel Kant, (Record no. 125800)

MARC details
000 -LEADER
fixed length control field 00642cam a2200217u 4500
001 - CONTROL NUMBER
control field 8667450
003 - CONTROL NUMBER IDENTIFIER
control field ARRUPE
005 - DATE AND TIME OF LATEST TRANSACTION
control field 20161129105203.0
008 - FIXED-LENGTH DATA ELEMENTS--GENERAL INFORMATION
fixed length control field 820309s1889 stk 000 0 eng
010 ## - LIBRARY OF CONGRESS CONTROL NUMBER
LC control number 04000196
040 ## - CATALOGING SOURCE
Original cataloging agency DLC
Transcribing agency CarP
Modifying agency DLC
050 00 - LIBRARY OF CONGRESS CALL NUMBER
Classification number B2798
Item number .C35
300 ## - PHYSICAL DESCRIPTION
Dimensions 21 cm.
100 1# - MAIN ENTRY--PERSONAL NAME
Personal name Caird, Edward,
Dates associated with a name 1835-1908.
9 (RLIN) 27664
245 04 - TITLE STATEMENT
Title The critical philosophy of Immanuel Kant,
Statement of responsibility, etc Edward Caird
260 ## - PUBLICATION, DISTRIBUTION, ETC. (IMPRINT)
Place of publication, distribution, etc Glasgow,
Name of publisher, distributor, etc J. Maclehose & sons,
Date of publication, distribution, etc 2005.
300 ## - PHYSICAL DESCRIPTION
Extent 2 v.
500 ## - GENERAL NOTE
General note Published originally in 1877
600 ## - SUBJECT ADDED ENTRY--PERSONAL NAME
Personal name Kant, Immanuel
9 (RLIN) 27668
906 ## - LOCAL DATA ELEMENT F, LDF (RLIN)
a 0
b cbc
c premunv
d u
e ncip
f 19
g y-gencatlg
942 ## - ADDED ENTRY ELEMENTS (KOHA)
Source of classification or shelving scheme Library of Congress Classification
Koha item type Monograph ( Printed materials)
Holdings
Withdrawn status Lost status Source of classification or shelving scheme Damaged status Not for loan Collection code Home library Current library Shelving location Date acquired Total Checkouts Full call number Barcode Date last seen Date checked out Price effective from Koha item type
    Library of Congress Classification     Main Collection ARRUPE LIBRARY ARRUPE LIBRARY Main Collection 29/11/2016 2 B2796 .C3 vol. 1 46500009907 05/10/2023 31/08/2023 29/11/2016 Monograph ( Printed materials)
    Library of Congress Classification     Main Collection ARRUPE LIBRARY ARRUPE LIBRARY Main Collection 29/11/2016   B2796 .C3 vol. 2 46500009908 29/11/2016   29/11/2016 Monograph ( Printed materials)

 

Arrupe Library. PO Box MP320 Mt Pleasant, Harare, Zimbabwe
263 242 745411|librarian@aju.ac.zw